000 00483nam a2200169Ia 4500
008 110201s9999 xx 000 0 und d
082 _bB1306
_aK 1126
100 _aवर्टी अ.वा.
245 _aपतिव्रता
260 _bसरस साहित्य
365 _b15
600 _aवर्टी अ.वा.
630 _aपतिव्रता
700 _aवर्टी अ.वा.
730 _aपतिव्रता
942 _cBOOK
999 _c828593
_d828590